Metodika hodnocení a třídění prací do tarifních stupňů

Enregistré dans:
Détails bibliographiques
Auteur principal: Penc, Jan
Format: Livre
Langue:tchèque
Publié: Olomouc Andragogos Agency [1991]
Édition:1. vyd.
Sujets:
Tags: Ajouter un tag
Pas de tags, Soyez le premier à ajouter un tag!

MARC

LEADER 00000nam a2200000 4500
001 c000938
005 20221214094208.2
041 0 |a cze 
044 |a CZ 
245 1 0 |a Metodika hodnocení a třídění prací do tarifních stupňů  |c Jan Penc 
250 |a 1. vyd. 
264 1 |a Olomouc  |b Andragogos Agency  |c [1991] 
300 |a 117 s. 
610 2 0 |a metodika 
610 2 0 |a triedy tarifné 
610 2 0 |a ochrana zdravia 
610 2 0 |a bezpečnosť práce 
610 2 0 |a zmluvy kolektívne 
610 2 0 |a triedy kvalifikačné 
610 2 0 |a zaradenie pracovné 
610 2 0 |a podnikanie 
610 2 0 |a Nemecko 
610 2 0 |a Japonsko 
610 2 0 |a práca 
100 1 |a Penc, Jan